000 01155pam a2200337 a 4500
001 9108
003 FISKH
005 20251121095924.0
008 861216s1988 nyua j 000 0 eng
010 _a 86033513
020 _a0805004076 :
020 _a9780805013146
020 _a9780805004076
035 _a4298504
040 _aDLC
_cDLC
_dDLC
_beng
050 0 0 _aPZ8.1.D378
_bTw 1988
082 0 0 _a398.2/096
_aE
_219
100 1 _aDee, Ruby.
245 1 0 _aTwo ways to count to ten :
_ba Liberian folktale /
_cretold by Ruby Dee ; illustrated by Susan Meddaugh.
260 _aNew York :
_bSquare Fish,
_c1988.
300 _a32 unnumbered pages :
_bcolor illustrations ;
_c26 cm
505 _aP
520 _aA retelling of a traditional Liberian tale in which King Leopard invites all the animals to a spear-throwing contest whose winner will marry his daughter and succeed him as king.
521 8 _a650
_bLexile estimate
521 8 _aP
_bRaz-Plus
650 1 _aFolklore
_zAfrica.
700 1 _aMeddaugh, Susan,
_eillustrator
906 _a7
_bcbc
_corignew
_d1
_eocip
_f19
_gy-gencatlg
942 _2ddc
_cBK
_n0
999 _c9108
_d9108